000 00388nam a2200145 4500
001 122581
003 ES-MaACL
005 20230906192014.0
007 t|
008 070214s1971 sp r ||||1| spa d
245 0 3 _aEl problema de la evaluación /
_cL. Calonghi... [et al.].
260 _aMadrid :
_bIter,
_c1971.
300 _a159 p. ;
_c19 cm.
852 _aES-MaACL
_jC-40233
_bR.76482
999 _c122581
_d122581